000 00900nam a2200217Ii 4500
003 JO-AjNU
008 230605s9999||||xx |||||||||||||| ||und||
017 _a2001/7/1475
040 _aJO-AjNU
_bara
_erda
_cJO-AjNU
041 _aara
050 1 4 _aK5101.S2552.2001
100 3 _a السعيد، كامل ,
_eauthor
_925212
245 0 0 _aشرح قانون أصول المحاكمات الجزائية نظريتا الأحكام وطرق الطعن فيها : دراسة تحليلية تأصيلية مقارنة في القوانين الأردنية والمصرية والسورية
250 _aط1
264 3 1 _aعمان : كامل السعيد ، 2001
300 _a485ص
336 _atext
_btxt
_2rdacontent
337 _aunmediated
_bn
_2rdamedia
338 _avolume
_bnc
_2rdacarrier
650 4 _aالقانون الجزائي -- أصول المحاكمات -- الأردن
_925213
999 _aA9400
_c12968
_d12968